000 00450nam a2200157 a 4500
005 20140412111416.0
008 070926s19uu xx 00 eng d
020 _a0-7214-3199-2
050 _aM 372.7
_bF95 1990
245 _aFun with maths /
_cCompiled by John Drinkwater.
260 _aU.K :
_bLadybird books.
300 _a24p.
650 _aScientific recreations
_xJuvenile literature
650 _aMathematical recreations
999 _c105856
_d105856